| 000 | 00896nac a22002291u 4500 | ||
|---|---|---|---|
| 010 | _a2001032851 | ||
| 020 | _a0201708574 (pbk.) | ||
| 082 | 0 | 0 |
_a005.74 _bC75285 |
| 090 |
_c584 _d584 |
||
| 100 | _aConnolly, Thomas M. | ||
| 245 | 1 | 0 |
_aDatabase systems : _ba practical approach to design, implementation, and management / _cThomas M. Connolly, Carolyn E. Begg. |
| 250 | _a3rd ed. | ||
| 260 |
_aNew York : _bAddison-Wesley, _c2002. |
||
| 300 |
_axlix, 1236 p. : _bill. (some col.) ; _c24 cm. |
||
| 440 | 0 | _aInternational computer science series | |
| 504 | _aIncludes bibliographical references (p. [1198]-1208) and index. | ||
| 650 | 0 | _aDatabase design. | |
| 650 | 0 | _aDatabase management. | |
| 700 | 1 | _aBegg, Carolyn E. | |
| 942 |
_cBB _k005.74C75285 |
||
| 999 |
_c584 _d584 |
||